Vista normal Vista MARC

Entrada Materia (personas)

Número de registros utilizados en: 1

001 - CONTROL NUMBER

  • control field: 64552

003 - CONTROL NUMBER IDENTIFIER

  • control field: Co-BoUCM

005 - DATE AND TIME OF LATEST TRANSACTION

  • control field: 20140917120708.0

008 - FIXED-LENGTH DATA ELEMENTS

  • fixed length control field: 140917|| aca||aabn | a|a d

040 ## - CATALOGING SOURCE

  • Original cataloging agency: Co-BoUCM
  • Transcribing agency: Co-BoUCM

100 ## - HEADING--PERSONAL NAME

  • Personal name: Maxwell, J.
  • Dates associated with a name: 1858-1938
  • Fuller form of name: (Joseph)

670 ## - SOURCE DATA FOUND

  • Source citation: Work cat.: (Co-BoUCM): Maxwell, J. 1858-1938 (Joseph), Le concept social du crim. Son évolution, 1914